03193cam a2200361Ii 45000010008000000030006000080050017000140080041000310200023000720200026000950200024001210200027001450350020001720400074001920500023002660820024002891000067003132450039003802500022004192640057004412640013004982640013005113000028005243360026005523370028005783380027006065050535006335050530011685050434016985200557021326500072026896500070027614819960OCoLC20241018112839.0790404t19771966nyu 000 0 eng d a093500839Xq(pbk.) a9780935008395q(pbk.) a0935008381q(cloth) a9780935008388q(cloth) a(OCoLC)04819960 aCDCbengerdacCDCdOCLdFYBdWSLdYDXCPdBAKERdNA5dSGBdOCLCQdFIN 4a248.42 N372Sb.N4204a248.42 N372SbN372S1 aNee, Watchman.0https://id.loc.gov/authorities/names/n5002838914aThe spiritual man /cWatchman Nee. aCombined edition. 1aNew York :bChristian Fellowship Publishers,c[1968] 3c[1977?]] 4c[©1968] a3 volumes in 1 ;c22 cm atextbtxt2rdacontent aunmediatedbn2rdamedia avolumebnc2rdacarrier0 aVolume 1. Part one : Introduction on spirit, soul and body. Spirit, soul and body -- Spirit and soul -- The fall of man -- Salvation -- Part two : The flesh. The flesh and salvation -- The fleshly or carnal believer -- The cross and the Holy Spirit -- The boastings of the flesh -- The believer's ultimate attitude towards the flesh -- Part three : The soul. Deliverance from sin and the soul life -- The experience of soulish believers -- The dangers of soulish life -- The cross and the soul -- Spiritual believers and the soul.0 aVolume 2. Part four : The spirit. The Holy Spirit and the believer's spirit -- A spiritual man -- Spiritual work -- Prayer and warfare -- Part five : An analysis of the spirit. Intuition -- Communion -- Conscience -- Part six : Walking after the Spirit. The dangers of spiritual life -- The laws of the spirit -- The principle of mind aiding the spirit -- The normalcy of the spirit -- Part seven : The analysis of the soul : emotion. The believer and emotion -- Affection -- Desire -- A life of feeling -- The life of faith.0 aVolume 3. Part eight : The analysis of the soul : the mind. The mind a battlefield -- The phenomena of a passive mind -- The way of deliverance -- The laws of the mind -- Part nine : The analysis of the soul : the will. A believer's will -- Passivity and its dangers -- The believer's mistake -- The path to freedom -- Part ten : The body. The believer and his body -- Sickness -- God as the life of the body -- Overcoming death. aThis book, which will contain three volumes, is not written in sermonic or expositive form. Differences occur in the length of treatment of various subjects and this the readers should notice. Although all volumes deal with spiritual life and warfare, some sections may lay more stress on spiritual life while others may lay more on spiritual warfare. The book as a whole is prepared to serve as a guide; hence its emphasis is principally a matter of how to walk in this way rather than that of persuading people initially to take this walk. - Preface. 0aChristian life.0https://id.loc.gov/authorities/subjects/sh85025095 0aSpirituality.0https://id.loc.gov/authorities/subjects/sh85126779